| 000 | 00764nam a22002417a 4500 | ||
|---|---|---|---|
| 003 | UA-OsUOA | ||
| 001 | 46080 | ||
| 007 | ta | ||
| 008 | 20120118b un ||||| |||| 00| 0 ukr d | ||
| 100 | _aВсеволод Речицький | ||
| 090 |
_a34 _bВ84 |
||
| 942 | _cBK | ||
| 040 |
_aUA-OsUOA _bukr _cUA-OsUOA _dUA-OsUOA |
||
| 245 | _aПроект Конституції України - 2009. Перспектива прав людини | ||
| 300 | _a143 с. | ||
| 955 | _a4 | ||
| 041 | _aukr | ||
| 080 | _a34 | ||
| 260 |
_aХарків _bПрава людини _c2009 |
||
| 650 | 7 |
_a34 Право. Юриспруденція _2UDC |
|
| 999 |
_c426182 _d426182 |
||